Quick Pick: Click a Vic Quiz Stats

 Plays Quiz Updated Apr 8, 2016

Also try: Click a Liz
Challenge
Share
Tweet
Embed
Score 0/12 Timer 01:30
0 Plays Today
% Correct
Queen Victoria
97.1%
Victoria, British Columbia
94.5%
Victoria Beckham
92.6%
Victoria, Seychelles
90.1%
Victor Hugo
87.9%
Victoria Silvstedt
78.6%
Victor Von Doom
77.2%
Victoria Justice
74.7%
Victor Frankenstein
68.2%
Victor 'Vic' Mackey
61.8%
Victor Garber
55.5%
Victor Ortiz
51.4%

Today's Daily Dose

You're not logged in!

Compare scores with friends on all Sporcle quizzes.
OR
Log In

You Might Also Like...

Show Comments

Extras

Top Quizzes Today


Score Distribution

Your Account Isn't Verified!

In order to create a playlist on Sporcle, you need to verify the email address you used during registration. Go to your Sporcle Settings to finish the process.

Report this User

Report this user for behavior that violates our Community Guidelines.

Details: